Mal de luna / (Registro nro. 8503)

Detalles MARC
000 -LIDER
fixed length control field 00737nam a22002777a 4500
001 - NÚMERO DE CONTROL
Identificador de número de control 075
003 - IDENTIFICACDOR DE NÚMERO DE CONTROL
control field DO-SdBNP
005 - DATE AND TIME OF LATEST TRANSACTION
control field 20180131104910.0
007 - CAMPOS FIJOS DE DESCRIPCIÓN FÍSICA
fixed length control field 075
008 - ELEMENTOS DE LONGITUD FIJA
fixed length control field 151005b1974 sp 00| 0 spa d
020 ## - ISBN
International Standard Book Number 8421704362
040 ## - FUENTE DE CATALOGACIÓN
Agencia que crea de manera original el registro BPMSU
Idioma de catalogación spa
Agencia que realiza la transcripción BPMSU
092 ## - LOCALLY ASSIGNED DEWEY DECIMAL CALL NUMBER
Número de clasificación XXXX
Número de ítem (Cutter) XXXX
100 1# - ASIENTO PRINCIPAL -- NOMBRE PERSONAL
Nombre personal Simenon, Georges
240 10 - TITULO UNIFORME
Título uniforme Le coup de lune /
Idioma de una obra fre
245 10 - MENCIÓN DE TITULO
Título Mal de luna /
Mención de responsabilidad Georges Simenon ; traducción Carmen Soler Blanch
260 ## - PUBLICACIÓN, DISTRIBUCIÓN, ETC. (PIE DE IMPRENTA)
Lugar de publicación, distribución, etc Barcelona :
Nombre del editor, distribuidor, etc. Luis de Caralt Editor,
Fecha de publicación, distribución, etc 1974.
300 ## - DESCRIPCIÓN FÍSICA
Extensión 191 p. :
Dimensiones 18 cm.
490 1# - MENCIÓN DE SERIES
Mención de serie El observador
Volume/sequential designation 13
700 12 - ASIENTO SECUNDARIO -- NOMBRE PERSONAL
Nombre personal Soler Blanch, Carmen
Mención de responsabilidad trad.
830 #0 - ASIENTO SECUNDARIO DE SERIE--TÍTULO UNIFORME
Título uniforme El observador
Número de la parte o sección de una obra 13
910 ## - VALIDACIÓN
Validación 202
942 ## - ADDED ENTRY ELEMENTS (KOHA)
Source of classification or shelving scheme Dewey Decimal Classification
Koha item type Libros
945 ## - INFORMACIÓN DE PROCESAMIENTO LOCAL
Información de procesamiento local Inventariado, 2018 / BT
956 ## - LOCAL ELECTRONIC LOCATION AND ACCESS (OCLC)
Nombre de host Yngrid Lockward
Existencias
Withdrawn status Lost status Source of classification or shelving scheme Damaged status Not for loan Collection code Home library Current library Date acquired Source of acquisition Total Checkouts Barcode Date last seen Price effective from Koha item type
    Dewey Decimal Classification     Colección Juvenil Dominicana Biblioteca Pública Metropolitana Salomé Ureña Biblioteca Pública Metropolitana Salomé Ureña 11/02/2015 FUNDI   BPMSU15110004 11/02/2015 11/02/2015 Libros